000 004410000a22001810004500
003 MACL
005 20150910154051.0
008 150910b xxu||||| |||| 00| 0 eng d
040 _aMACL
_cMACL
041 _aEnglish
082 _a822
100 _aWillett , John
_99969
245 _aBertolt Brecht Collected Plays
260 _aNew Delhi
_bRadha Krishna Prakashan
_c1979
350 _a175
650 _aDrama
_99970
942 _cBK
_k822
_2ddc
999 _c3556
_d3556